[Event "COL-chT"]
[Site "Ibague"]
[Date "2017.07.21"]
[Round "6.3"]
[White "Giraldot Rojas, Jhon Alejandro"]
[Black "Diaz, Diego Alejandro"]
[Result "0-1"]
[WhiteElo "1600"]
[BlackElo "1507"]
[PlyCount "48"]
[EventDate "2017.07.19"]
[EventType "team-swiss"]
[EventRounds "6"]
[EventCountry "COL"]
[SourceTitle "CBM 179 Extra"]
[Source "ChessBase"]
[SourceDate "2017.08.23"]
[SourceVersion "1"]
[SourceVersionDate "2017.08.23"]
[SourceQuality "1"]
[WhiteTeam "Fuerzas Armadas"]
[BlackTeam "Caqueta II"]
[WhiteTeamCountry "COL"]
[BlackTeamCountry "COL"]

1. e4 e5 2. Nf3 Nc6 3. Bc4 Bc5 4. c3 Nf6 5. d4 exd4 6. cxd4 Bb4+ 7. Nc3 Nxe4 8. Qd3 d5 9. 0-0 Bxc3 10. bxc3 0-0 11. Bb3 Re8 12. Re1 Bg4 13. Bf4 Na5 14. Bc2 Nc4 15. Ne5 Nxe5 16. dxe5 Bf5 17. Re2 Bg6 18. Qh3 Ng5 19. Qg4 Ne6 20. Bc1 Bxc2 21. Rxc2 Qe7 22. f4 Qc5+ 23. Kh1 Qc4 24. h3 Qe4 0-1